LEADER 02288nam 22006374a 450 001 9910782228903321 005 20230617003215.0 010 $a1-383-04261-6 010 $a1-280-75595-4 010 $a0-19-156677-2 035 $a(CKB)1000000000550411 035 $a(SSID)ssj0000110870 035 $a(PQKBManifestationID)11778094 035 $a(PQKBTitleCode)TC0000110870 035 $a(PQKBWorkID)10065415 035 $a(PQKB)11731085 035 $a(Au-PeEL)EBL422827 035 $a(CaPaEBR)ebr10254454 035 $a(CaONFJC)MIL75595 035 $a(OCoLC)476259859 035 $a(MiAaPQ)EBC422827 035 $a(EXLCZ)991000000000550411 100 $a20041026d2005 uy 0 101 0 $aeng 135 $aurcn||||||||| 181 $ctxt 182 $cc 183 $acr 200 00$aBeyond continuity$b[electronic resource] $einstitutional change in advanced political economies /$fedited by Wolfgang Streeck and Kathleen Thelen 210 $aOxford ;$aNew York $cOxford University Press$d2005 215 $axviii, 290 p. $cill 300 $aBibliographic Level Mode of Issuance: Monograph 311 $a0-19-928045-2 311 $a0-19-928046-0 320 $aIncludes bibliographical references and index. 330 $a"This book examines current theories of institutional change. The chapters highlight the limitations of these theories. Instead a model emerges of contemporary political economies developing in incremental but cumulatively transformative processes"--Provided by publisher. 606 $aInstitutional economics$vCase studies 606 $aOrganizational change$zEurope$vCase studies 606 $aCapitalism$zEurope$vCase studies 606 $aOrganizational change$zUnited States$vCase studies 606 $aCapitalism$zUnited States$vCase studies 615 0$aInstitutional economics 615 0$aOrganizational change 615 0$aCapitalism 615 0$aOrganizational change 615 0$aCapitalism 676 $a338.5/01 701 $aStreeck$b Wolfgang$f1946-$0117173 701 $aThelen$b Kathleen Ann$0552628 801 0$bMiAaPQ 801 1$bMiAaPQ 801 2$bMiAaPQ 906 $aBOOK 912 $a9910782228903321 996 $aBeyond continuity$93678044 997 $aUNINA LEADER 02273nam 2200409 450 001 9910727286003321 005 20240215192505.0 010 $a1-83968-546-8 024 7 $a10.5772/intechopen.102263 035 $a(CKB)5680000000309811 035 $a(NjHacI)995680000000309811 035 $a(EXLCZ)995680000000309811 100 $a20240215d2023 uy 0 101 0 $aeng 135 $aur||||||||||| 181 $ctxt$2rdacontent 182 $cc$2rdamedia 183 $acr$2rdacarrier 200 00$aLignin $echemistry, structure, and application /$fedited by Arpit Sand, Jaya Tuteja 210 1$aLondon :$cIntechOpen,$d2023. 215 $a1 online resource (142 pages) 311 $a1-83968-545-X 327 $a1. Introductory Chapter: Introduction to Structure Properties and Application of Lignin -- 2. Composition and Role of Lignin in Biochemicals -- 3. Perspective Chapter: Potential of Lignin Valorization with Emphasis on Bioepoxy Production -- 4. Emulsion Stabilization with Lignosulfonates -- 5. Fractionation of Lignin for Valorization -- 6. Perspective Chapter: Flaxseed (Linumusitatissimum L) - Chemical Structure and Health-Related Functions -- 7. Lignin as Feedstock for Nanoparticles Production. 330 $aLignin, found in the cell walls of trees and plants, is the second-most naturally abundant biopolymer. It is composed of alkyl-aromatic polymer units. This book describes the composition and structure of lignin, strategies for its chemical modification, and studies of biopolymer lignin. It also discusses the synthesis and characterization of lignin, methods for degradation, applications in various materials, and prospects for further development. Other topics covered include the role of lignin in thermosetting and thermoplastic materials and its technical and economic potential for generating green biofuel as an energy source for industrial plants and in the manufacture of fine chemicals. 606 $aWood$xChemistry 606 $aLignin 615 0$aWood$xChemistry. 615 0$aLignin. 676 $a661.802 702 $aSand$b Arpit 702 $aTuteja$b Jaya 801 0$bNjHacI 801 1$bNjHacl 906 $aBOOK 912 $a9910727286003321 996 $aLignin$92542226 997 $aUNINA LEADER 01934nas 2200601 a 450 001 996200001103316 005 20240413015840.0 011 $a1420-9055 035 $a(OCoLC)42851288 035 $a(CKB)954925585255 035 $a(CONSER) 2002238635 035 $a(MiAaPQ)54183 035 $a(EXLCZ)99954925585255 100 $a19991118a19899999 sy a 101 0 $aeng 135 $aurcn|||||| 181 $ctxt$2rdacontent 182 $cc$2rdamedia 183 $acr$2rdacarrier 200 10$aAquatic sciences $e(AS) 210 $aBasel $cBirkha?user 300 $a"A multidisciplinary journal for theoretical and applied limnology, fisheries science, and water technology." 300 $aRefereed/Peer-reviewed 311 $a1015-1621 606 $aAquatic biology$vPeriodicals 606 $aAquatic sciences$vPeriodicals 606 $aFisheries$vPeriodicals 606 $aWater-supply$vPeriodicals 606 $aHydrology$vPeriodicals 606 $aHydrobiologie$vPe?riodiques 606 $aSciences aquatiques$xPe?riodiques 606 $aPe?ches$vPe?riodiques 606 $aEau$xApprovisionnement$vPe?riodiques 606 $aHydrologie$vPe?riodiques 615 0$aAquatic biology 615 0$aAquatic sciences 615 0$aFisheries 615 0$aWater-supply 615 0$aHydrology 615 6$aHydrobiologie 615 6$aSciences aquatiques$xPe?riodiques. 615 6$aPe?ches 615 6$aEau$xApprovisionnement 615 6$aHydrologie 676 $a551.4805 712 02$aSchweizerische Naturforschende Gesellschaft. 712 02$aEidgeno?ssische Anstalt fu?r Wasserversorgung, Abwasserreinigung und Gewa?sserschutz. 712 02$aInstitut fu?r Gewa?ssero?kologie und Binnenfischerei. 712 02$aCary Institute of Ecosystem Studies. 906 $aJOURNAL 912 $a996200001103316 996 $aAquatic sciences$91930180 997 $aUNISA LEADER 03484oam 2200769 c 450 001 9910967606303321 005 20260302090207.0 010 $a9783657795185 010 $a3657795189 024 3 $a9783657795185 035 $a(MiAaPQ)EBC29387189 035 $a(Au-PeEL)EBL29387189 035 $a(CKB)24286240200041 035 $a(NjHacI)9924286240200041 035 $a(Brill | Scho?ningh)9783657795185 035 $a(Brill | Schöningh)9783657795185 035 $a(EXLCZ)9924286240200041 100 $a20260302d2022 uy 0 101 0 $ager 135 $aurcnu|||||||| 181 $ctxt$2rdacontent 182 $cc$2rdamedia 183 $acr$2rdacarrier 200 10$aWie Katholiken die moderne Ökonomie entdeckten$eRezeptionsweisen in Spätaufklärung und Ultramontanismus$fAlina Potempa 205 $a1st ed. 210 $aPaderborn$cBrill | Schöningh$d2022 215 $a1 online resource (390 pages) 311 08$aPrint version: Potempa, Alina Wie Katholiken Die Moderne Ökonomie Entdeckten Boston : BRILL,c2022 9783506795182 320 $aIncludes bibliographical references. 330 $aDer Katholizismus des 19. Jahrhunderts konnte mit seinen gesellschaftlichen Herausforderungen und internen Machtkämpfen ein fruchtbarer Nährboden für wirtschaftsliberale Ideen werden. Zu dieser Erkenntnis kommt Alina Potempa, die aufzeigt, wie Katholiken in spätaufklärerischen und ultramontanen Kontexten Adam Smith und die Wissenschaft der Nationalökonomie rezipierten. Hierzu analysiert sie das wirtschaftspolitische Engagement des katholischen Aufklärers Ignaz H. von Wessenberg (1774?1860) im Großherzogtum Baden sowie die ultramontan-katholische Politische Ökonomie, die der Jurist und Ökonom Charles Périn (1815?1905), Stichwortgeber für die Debatten um einen katholischen »Modernismus«, an der Katholischen Universität Leuven (Belgien) unter richtete. In ihrer Befürwortung von Freihandel oder Gewerbefreiheit vermischte sich, so zeigt die Autorin auf, eine ökonomische mit einer religiösen sowie kirchenpolitischen Positionierung hinsichtlich der drängenden Frage, wie die gesellschaftliche Relevanz des Katholizismus in einer säkularen Moderne unter Beweis gestellt werden konnte. 606 $aWirtschaftsethik 606 $aWirtschaftsliberalismus 606 $aGeschichte des ökonomischen Denkens 606 $aPérin 606 $aKatholische Universität Löwen 606 $aWessenberg 606 $aBaden 606 $aFreihandel 606 $aAdam Smith 606 $aeconomic ethics 606 $aeconomic liberalism 606 $ahistory of economic thought 606 $aCatholic University of Leuven 606 $afree trade 615 4$aWirtschaftsethik 615 4$aWirtschaftsliberalismus 615 4$aGeschichte des ökonomischen Denkens 615 4$aPérin 615 4$aKatholische Universität Löwen 615 4$aWessenberg 615 4$aBaden 615 4$aFreihandel 615 4$aAdam Smith 615 4$aeconomic ethics 615 4$aeconomic liberalism 615 4$ahistory of economic thought 615 4$aCatholic University of Leuven 615 4$afree trade 676 $a282.0922 700 $aPotempa$b Alina$4aut$01778975 801 0$bMiAaPQ 801 1$bMiAaPQ 801 2$bMiAaPQ 906 $aBOOK 912 $a9910967606303321 996 $aWie Katholiken Die Moderne Ökonomie Entdeckten$94302234 997 $aUNINA